UBT Library

Introduction to mass communications / (Record no. 1367)

000 -LEADER
fixed length control field 00621nam a22002177a 4500
008 - FIXED-LENGTH DATA ELEMENTS--GENERAL INFORMATION
fixed length control field 151119b xxu||||| |||| 00| 0 eng d
020 ## - INTERNATIONAL STANDARD BOOK NUMBER
International Standard Book Number 0673468836
041 0# - LANGUAGE CODE
Language code of text/sound track or separate title eng
080 ## - UNIVERSAL DECIMAL CLASSIFICATION NUMBER
Universal Decimal Classification number 316.77
100 1# - Rafti
Rafti Agee, Warren Kendall.
245 10 - TITLE STATEMENT
Title Introduction to mass communications /
Statement of responsibility, etc Warren K. Agee, Phillip H. Ault, Edwin Emery.
250 ## -
-- 11th ed.
260 ## -
-- New York, NY :
-- HarperCollins College Publishers,
-- c1994.
300 ## -
-- xiv, 570 f. :
-- me ill. ;
-- 23 cm.
650 #0 -
-- Media
650 #0 -
-- Komunikim
650 #0 -
-- Masiv
700 1# -
-- Ault, Phillip H.,
700 1# -
-- Emery, Edwin.
942 ## - ADDED ENTRY ELEMENTS (KOHA)
Source of classification or shelving scheme
Item type Books
Holdings
Withdrawn status Lost status Source of classification or shelving scheme Damaged status Not for loan Collection code Permanent location Current location Shelving location Date acquired Total Checkouts Full call number Barcode Date last seen Koha item type
          Koleksioni i përgjithshem UBT - Lipjan UBT - Lipjan Koleksioni i përgjithshem 11/19/2015   316.77 AGE 002-008640 11/19/2015 Books
UBT Library © 2015-2024. All rights reserved University Education for Business and Technology